000 01255nam a2200265Ia 4500
001 232-MEI jo eb (16254)
003 IT-MiSPE
008 171229s9999||||xx |||||||||||||| ||und||
040 _aIT-MiSPE
_cIT-MiSPE
041 _aITALIANO
100 _aJohn P. Meier
240 _aA Marginal Jew: Rethinking the Historical Jesus: II. Mentor, Message and Miracles
245 0 _aUn ebreo marginale: Ripensare il Gesù storico
_bII. Mentore, messagio e miracoli
250 _a2a ed.
260 _aBrescia
_bQueriniana
_c2003
300 _a1338 p. [4 v.]
_c23 cm
490 _a Biblioteca di teologia contemporanea
_v120
501 _aEdizioni San Paolo srl - Piazza Soncino, 5 - 20092 CINISELLO BALSAMO (MI) (non commercial uses only) ® Copyright 2018
520 _aAltri autori: Antonio Nepi, Laura Ferrari
700 _aEnzo Gatti
_g(traduzione)
700 _aFlavio Dalla Vecchia
942 _cBK
957 _71
999 _a2633
_bNO
_g Copie: 1
_c341042
_d341042